书目信息 |
| 题名: |
货币银行学
|
|
| 作者: | 成力为 主编 | |
| 分册: | ||
| 出版信息: | 北京 科学出版社 2006.08 |
|
| 页数: | 339页 | |
| 开本: | 24cm | |
| 丛书名: | ||
| 单 册: | ||
| 中图分类: | F820 | |
| 科图分类: | ||
| 主题词: | 货币 | |
| 电子资源: | ||
| ISBN: | 7-03-011511-2 | |
| 000 | 00604 nam 000229 | |
| 001 | 0100001741 | |
| 005 | 20070903090039.15 | |
| 010 | @a7-03-011511-2@dCNY30.00 | |
| 100 | @a20070805d2006 em y0chiy0121 ea | |
| 101 | @achi | |
| 102 | @aCN@b110000 | |
| 105 | @ay z 000yy | |
| 200 | 10 | @a货币银行学@9huo bi yin hang xue@f成力为主编@Fcheng li wei zhu bian |
| 210 | @a北京@c科学出版社@d2006.08 | |
| 215 | @a339页@d24cm | |
| 300 | @a21世纪高等院校教材 | |
| 606 | @a货币 | |
| 690 | @aF820@v4 | |
| 701 | 0 | @a成力为@9cheng li wei@4主编 |
| 801 | @aCN@c20070903 | |
| 901 | @a000003 | |
| 905 | @dF820@eC719 | |
| 货币银行学/成力为主编.-北京:科学出版社,2006.08 |
| 339页;24cm |
| 21世纪高等院校教材 |
| ISBN 7-03-011511-2:CNY30.00 |
| ● |
| 相关链接 |
|
|
|
正题名:货币银行学
索取号:F820/C719
 
预约/预借
| 序号 | 登录号 | 条形码 | 馆藏地/架位号 | 状态 | 备注 |
| 1 | 643639 | 206436392 | 社科库409/409社科库 50排2列3层/ [索取号:F820/C719] | 在馆 | |
| 2 | 643640 | 206436409 | 社科库409/409社科库 50排2列3层/ [索取号:F820/C719] | 在馆 |